Hodnotenie efektívnosti aplikovania marketingu v podniku diplomová práca

Guardado en:
Detalles Bibliográficos
Autor principal: Kubicová, Dominika
Autor Corporativo: Fakulta podnikového manažmentu EU. Katedra podnikovohospodárska
Otros Autores: Grančičová, Katarína, 1967-
Formato: Libro
Lenguaje:eslovaco
Publicado: Bratislava 2014
Etiquetas: Agregar Etiqueta
Sin Etiquetas, Sea el primero en etiquetar este registro!

MARC

LEADER 00000nbm a2200000 4500
001 0188027
005 20170201092634.9
041 0 |a slo 
044 |a SK 
245 1 0 |a Hodnotenie efektívnosti aplikovania marketingu v podniku  |b diplomová práca  |c Dominika Kubicová ; školiteľ: Katarína Grančičová 
264 1 |a Bratislava  |c 2014 
300 |a 83 s. 
100 1 |a Kubicová, Dominika 
700 1 |a Grančičová, Katarína, 1967- 
710 2 |a Fakulta podnikového manažmentu EU. Katedra podnikovohospodárska